| 000 | 00640nam a22002057a 4500 | ||
|---|---|---|---|
| 999 |
_c175092 _d175092 |
||
| 005 | 20200807102611.0 | ||
| 010 | _aENG-128315 | ||
| 020 |
_c375.00 _a9789352837267 |
||
| 035 | _aEN-111847 | ||
| 037 | _bDBAD/PUB | ||
| 082 | _a519.5 | ||
| 100 | _aPillai,R S N | ||
| 245 |
_aStatistics Theory and Practice/ _cby R S N Pillai, Bagavathi |
||
| 250 | _a8th ed. | ||
| 260 |
_aNew Delhi _bS.Chand _c2019 |
||
| 270 |
_aHead Office:7361,Ram Nagar,Qutab Rord _bNew Delhi _e110055 _k23672080 _l91-11-23677446 _minfo@schandpublishing.com |
||
| 300 |
_axii;875p. _c24cm(pbk) |
||
| 700 | _aBagavathi | ||
| 942 |
_2ddc _cEN _h519.5 _mPIL |
||